000 00316nam a22001337a 4500
008 170927b xxu||||| |||| 00| 0 eng d
020 _a9780873529860
041 _aeng
080 _26TH
_a37
100 _a47
101 _aEDU
245 _aMLA HANDBOOK FOR WRITERS OF RESEARCH PAPERS
_cGIBALDI,J
942 _2udc
_cBK
999 _c30243
_d30243